Obras completas / (Record no. 129302)

MARC details
000 -LEADER
campo de control de longitud fija 01749nam a2200289 i 4500
001 - NÚMERO DE CONTROL
campo de control 129302
003 - IDENTIFICADOR DE NÚMERO DE CONTROL
campo de control ES-MaACL
005 - FECHA Y HORA DE LA ÚLTIMA TRANSACCIÓN
campo de control 20250511114243.0
007 - CAMPO FIJO DE DESCRIPCIÓN FÍSICA--INFORMACIÓN GENERAL
campo de control de longitud fija t|
008 - DATOS DE LONGITUD FIJA--INFORMACIÓN GENERAL
campo de control de longitud fija 070612s1948 sp a |||| |dspa d
100 0# - ENTRADA PRINCIPAL--NOMBRE DE PERSONA
Nombre de persona Teresa de Jesús,
Títulos y otros términos asociados al nombre Santa,
Fechas asociadas al nombre 1515-1582
9 (RLIN) 226510
245 10 - MENCIÓN DEL TÍTULO
Título Obras completas /
Mención de responsabilidad, etc. Santa Teresa de Jesús.
260 ## - PUBLICACIÓN, DISTRIBUCIÓN, ETC.
Lugar de publicación, distribución, etc. Madrid :
Nombre del editor, distribuidor, etc. Plenitud,
Fecha de publicación, distribución, etc. [1948]
300 ## - DESCRIPCIÓN FÍSICA
Extensión XXXI, 119 p. :
Otras características físicas il. ;
Dimensiones 20 cm.
505 8# - NOTA DE CONTENIDO CON FORMATO
Nota de contenido con formato Contiene: El estilo de Santa Teresa / por Ramón Menéndez Pidal - Las Madres Priora Ana de Jesús y Religiosas Carmelitas Descalzas del Monasterio de Madrid / por Fray Luis de León - La vida de la Madre Teresa de Jesús - Relaciones espirituales - Camino de perfección - Avisos de la Madre Teresa de Jesús para sus monjas - Exclamaciones o meditaciones del alma - Libro de las fundaciones - Constituciones que la Madre Teresa de Jesús dio a las Carmelitas Descalzas - Modos de visitar los conventos de las Carmelitas Descalzas - Respuesta de Santa Teresa a un desafío espiritual - Pensamientos y sentencias de Santa Teresa de Jesús - Poesías - Epistolario
510 ## - NOTA DE CITAS O REFERENCIAS BIBLIOGRÁFICAS
Nombre de la fuente CCPB,
Localización dentro de la fuente 001036847-7.
610 24 - PUNTO DE ACCESO ADICIONAL DE MATERIA--NOMBRE DE ENTIDAD CORPORATIVA
Nombre de entidad corporativa o nombre de jurisdicción como elemento de entrada Carmelitas Descalzas.
9 (RLIN) 170525
650 ## - PUNTO DE ACCESO ADICIONAL DE MATERIA--TÉRMINO DE MATERIA
Término de materia o nombre geográfico como elemento de entrada Misticismo.
9 (RLIN) 15086
650 #4 - PUNTO DE ACCESO ADICIONAL DE MATERIA--TÉRMINO DE MATERIA
Término de materia o nombre geográfico como elemento de entrada Ascetismo.
9 (RLIN) 10365
700 1# - ENTRADA AGREGADA--NOMBRE PERSONAL
Nombre de persona Menéndez Pidal, Ramón,
Fechas asociadas al nombre 1869-1968
9 (RLIN) 80315
700 1# - ENTRADA AGREGADA--NOMBRE PERSONAL
Nombre de persona León, Luis de,
Fechas asociadas al nombre 1527-1591
9 (RLIN) 71583
852 ## - LOCALIZACIÓN
Ubicación ES-MaACL
Número de control de estantería D-6246
itemnumber 134032
Sublocalización o colección R.28818
-- R.M.5841
Ubicación en estantería Sala Valle Inclán
Encuadernación Encuadernación en piel granate con logo dorado en la cubierta y cortes superiores en dorado.
Nota libre "2.MAR.1950"
942 ## - ELEMENTOS DE ENTRADA SECUNDARIOS (KOHA)
Fuente del sistema de clasificación o colocación Clasificación decimal universal
Tipo de ítem Koha Libro impreso
Holdings
Estatus retirado Estado de pérdida Fuente del sistema de clasificación o colocación Estado de daño No para préstamo Biblioteca de origen Biblioteca actual Ubicación en estantería Fecha de adquisición Total de préstamos Signatura topográfica completa Código de barras Visto por última vez Precio de reemplazo Tipo de ítem Koha
    Clasificación decimal universal     Biblioteca del Ateneo de Madrid Biblioteca del Ateneo de Madrid Sala Valle Inclán 17/01/2008   D-6246 101229787 23/02/2023 23/02/2023 Libro impreso